[Event "Riga op"]
[Site "Riga"]
[Date "2020.08.26"]
[Round "4"]
[White "Krivonosov, Oleg"]
[Black "Katishonok, Nikolaj"]
[Result "1/2-1/2"]
[WhiteElo "2381"]
[BlackElo "2118"]
[PlyCount "148"]
[EventDate "2020.08.24"]
[EventType "swiss"]
[EventRounds "9"]
[EventCountry "LAT"]
[SourceTitle "CBM 198 Extra"]
[Source "ChessBase"]
[SourceDate "2020.11.30"]
[SourceVersion "1"]
[SourceVersionDate "2020.11.30"]
[SourceQuality "1"]

1. Nf3 d5 2. d4 Nf6 3. c4 c6 4. cxd5 cxd5 5. Nc3 Nc6 6. Bf4 Nh5 7. Bd2 Nf6 8. e3 a6 9. Bd3 Bg4 10. h3 Bh5 11. Qb3 Bxf3 12. gxf3 e6 13. Na4 b5 14. Rc1 Na5 15. Bxa5 Qxa5+ 16. Nc3 Be7 17. a4 b4 18. Ne2 0-0 19. 0-0 Rfc8 20. Rc2 Qb6 21. Rfc1 Qb7 22. a5 Ne8 23. Nc3 Bd8 24. Na4 Rxc2 25. Qxc2 Bxa5 26. Qc6 Qxc6 27. Rxc6 Bd8 28. Bxa6 Kf8 29. b3 Ke7 30. Kf1 Ra7 31. Bd3 Rc7 32. Ra6 Rc1+ 33. Ke2 Rh1 34. Ra7+ Nc7 35. Rb7 Rxh3 36. Rxb4 Rh1 37. Rb8 h5 38. Nc5 Ne8 39. Rb7+ Nc7 40. Rb8 Ne8 41. Nb7 Bc7 42. Rc8 Kd7 43. Ra8 Nd6 44. Nc5+ Ke7 45. Ra7 Kd8 46. Na6 Bb6 47. Ra8+ Ke7 48. Rb8 Ba7 49. Rh8 g6 50. b4 h4 51. b5 Kf6 52. Rh7 g5 53. Nc5 Ke7 54. Rh5 Rg1 55. e4 Bb6 56. e5 Nc4 57. f4 gxf4 58. Rxh4 Nxe5 59. Rxf4 Ra1 60. Bh7 Ra2+ 61. Kf1 Ng6 62. Bxg6 fxg6 63. Rg4 Rb2 64. Nxe6 Rxb5 65. Rxg6 Rb4 66. Nc5 Ba5 67. Re6+ Kf7 68. Ra6 Bd8 69. Ra7+ Be7 70. Nd7 Ke6 71. Ne5 Bf6 72. Nc6 Rb6 73. Ne5 Bxe5 74. dxe5 Kxe5 1/2-1/2

[Event "Riga op"]
[Site "Riga"]
[Date "2020.08.25"]
[Round "2"]
[White "Jakobsons, Andris"]
[Black "Katishonok, Nikolaj"]
[Result "0-1"]
[WhiteElo "1668"]
[BlackElo "2118"]
[PlyCount "78"]
[EventDate "2020.08.24"]
[EventType "swiss"]
[EventRounds "9"]
[EventCountry "LAT"]
[SourceTitle "CBM 198 Extra"]
[Source "ChessBase"]
[SourceDate "2020.11.30"]
[SourceVersion "1"]
[SourceVersionDate "2020.11.30"]
[SourceQuality "1"]

1. e4 Nc6 2. d4 d5 3. e5 Bf5 4. c3 Qd7 5. Bd3 f6 6. Qh5+ g6 7. Bxf5 Qxf5 8. Qxf5 gxf5 9. f4 fxe5 10. fxe5 Bh6 11. Ne2 Bxc1 12. Nxc1 Nd8 13. 0-0 Nh6 14. Nd3 Ne6 15. Nf4 Nxf4 16. Rxf4 a5 17. Na3 Rg8 18. Nc2 e6 19. Ne1 Rg4 20. Nd3 Ke7 21. Raf1 Rag8 22. Rxg4 Rxg4 23. Nf4 Nf7 24. Nh5 h6 25. Nf6 Rg7 26. Nh5 Rg8 27. Nf6 Rc8 28. Kf2 c5 29. Ke3 a4 30. Kd3 Ng5 31. b3 Ne4 32. Nxe4 dxe4+ 33. Kc4 cxd4+ 34. Kxd4 axb3 35. axb3 Rd8+ 36. Kc4 Rd2 37. Rf4 Rxg2 38. Rh4 Rd2 39. Rxh6 e3 0-1

[Event "LAT-ch"]
[Site "Riga"]
[Date "2005.05.21"]
[Round "13"]
[White "Katishonok, Nikolaj"]
[Black "Miezis, Normunds"]
[Result "1-0"]
[WhiteElo "2330"]
[BlackElo "2564"]
[PlyCount "77"]
[EventDate "2005.05.13"]
[EventType "tourn"]
[EventRounds "13"]
[EventCountry "LAT"]
[EventCategory "8"]
[SourceTitle "CBM 106 Extra"]
[Source "ChessBase"]
[SourceDate "2005.07.01"]
[SourceVersion "1"]
[SourceVersionDate "2005.07.01"]
[SourceQuality "1"]

1. Nf3 c5 2. c4 Nc6 3. Nc3 e5 4. e3 f5 5. d4 e4 6. d5 exf3 7. dxc6 dxc6 8. Qxd8+ Kxd8 9. gxf3 Nf6 10. b3 f4 11. Bb2 fxe3 12. 0-0-0+ Ke8 13. fxe3 Be7 14. h4 Kf7 15. h5 Rd8 16. Rxd8 Bxd8 17. Bd3 Be7 18. Ne2 h6 19. Nf4 Bd6 20. Bg6+ Kf8 21. Nd3 Be6 22. e4 Be7 23. e5 Ne8 24. f4 Rd8 25. Rf1 Bg4 26. Kd2 Nc7 27. Rg1 Bh3 28. f5 Bg5+ 29. Ke2 Bh4 30. Nxc5 b6 31. Nd3 c5 32. Bc3 Rxd3 33. Kxd3 Bf2 34. Rd1 Ke7 35. Kc2 Ne8 36. Rd2 Bg1 37. Rd3 Bg2 38. f6+ gxf6 39. Rg3 1-0

[Event "LAT-ch"]
[Site "Riga"]
[Date "2005.05.19"]
[Round "10"]
[White "Neiksans, Arturs"]
[Black "Katishonok, Nikolaj"]
[Result "1-0"]
[WhiteElo "2439"]
[BlackElo "2330"]
[PlyCount "49"]
[EventDate "2005.05.13"]
[EventType "tourn"]
[EventRounds "13"]
[EventCountry "LAT"]
[EventCategory "8"]
[SourceTitle "CBM 106 Extra"]
[Source "ChessBase"]
[SourceDate "2005.07.01"]
[SourceVersion "1"]
[SourceVersionDate "2005.07.01"]
[SourceQuality "1"]

1. e4 e6 2. d3 d5 3. Nd2 Nc6 4. Ngf3 Nf6 5. c3 a5 6. e5 Nd7 7. d4 f6 8. Bb5 Na7 9. Bd3 fxe5 10. Nxe5 Nxe5 11. dxe5 g6 12. Qg4 Qe7 13. Nf3 Bg7 14. h4 Nc6 15. Bf4 b5 16. h5 Ba6 17. h6 Bf8 18. Bg5 Qd7 19. Bf6 Rg8 20. Bxg6+ Rxg6 21. Qxg6+ hxg6 22. h7 d4 23. h8Q dxc3 24. Qxf8+ Kxf8 25. Rh8+ 1-0

[Event "LAT-ch"]
[Site "Riga"]
[Date "2005.05.14"]
[Round "2"]
[White "Katishonok, Nikolaj"]
[Black "Luckans, Arnolds"]
[Result "0-1"]
[WhiteElo "2330"]
[BlackElo "2452"]
[PlyCount "80"]
[EventDate "2005.05.13"]
[EventType "tourn"]
[EventRounds "13"]
[EventCountry "LAT"]
[EventCategory "8"]
[SourceTitle "CBM 106 Extra"]
[Source "ChessBase"]
[SourceDate "2005.07.01"]
[SourceVersion "1"]
[SourceVersionDate "2005.07.01"]
[SourceQuality "1"]

1. e4 g6 2. d4 Bg7 3. f4 d6 4. Nf3 c5 5. dxc5 Qa5+ 6. Nbd2 Qxc5 7. Nc4 Be6 8. Be3 Qc8 9. Bd4 Nf6 10. Qd3 Nc6 11. Bc3 b5 12. Ne3 b4 13. Bd2 Nd7 14. c3 Nc5 15. Qc2 b3 16. axb3 Bxb3 17. Qb1 0-0 18. Be2 a5 19. 0-0 Rb8 20. f5 a4 21. g4 Qb7 22. Rf2 Na7 23. Bd3 Nb5 24. c4 Bxb2 25. Qxb2 Nxd3 26. Qb1 Nxf2 27. Kxf2 Nc7 28. Bc3 e5 29. Qd3 Qc6 30. h4 f6 31. g5 fxg5 32. hxg5 gxf5 33. exf5 Ne6 34. Nd5 Qc5+ 35. Kg3 Bxc4 36. Ne7+ Kh8 37. Qe4 Rb3 38. Ng6+ hxg6 39. fxg6 Kg8 40. Rh1 Nxg5 0-1

[Event "Sea festival"]
[Site "Lithuania"]
[Date "2003.??.??"]
[Round "3"]
[White "Grabliauskas, Virginijus"]
[Black "Katishonok, Nikolaj"]
[Result "1-0"]
[WhiteElo "2433"]
[BlackElo "2275"]
[PlyCount "57"]
[EventDate "2003.??.??"]
[EventType "team"]
[EventRounds "7"]
[EventCountry "LTU"]
[SourceTitle "EXT 2005"]
[Source "ChessBase"]
[SourceDate "2004.11.15"]
[SourceVersion "1"]
[SourceVersionDate "2004.11.15"]
[SourceQuality "1"]

1. d4 Nf6 2. c4 e6 3. Nf3 d5 4. Nc3 c5 5. cxd5 exd5 6. g3 Nc6 7. Bg2 Be7 8. 0-0 0-0 9. Bg5 cxd4 10. Nxd4 h6 11. Be3 a6 12. Rc1 Ne5 13. Qb3 Neg4 14. Bf4 g5 15. Bd2 Bc5 16. e3 Bxd4 17. exd4 Ne4 18. Nxe4 dxe4 19. Bxe4 Qxd4 20. Qc2 Qb6 21. Bc3 Re8 22. Rce1 Bd7 23. Bh7+ Kf8 24. Rxe8+ Rxe8 25. Bf5 Rd8 26. Bxd7 Rxd7 27. Qf5 Qe6 28. Qxe6 fxe6 29. h3 1-0

[Event "LAT-EST m"]
[Site "Riga"]
[Date "2002.08.31"]
[Round "?"]
[White "Katishonok, Nikolaj"]
[Black "Vetemaa, Juri"]
[Result "1/2-1/2"]
[WhiteElo "2283"]
[BlackElo "2283"]
[PlyCount "20"]
[EventDate "2002.08.31"]
[EventType "team"]
[EventRounds "1"]
[EventCountry "LAT"]
[SourceTitle "CBM 090 Extra"]
[Source "ChessBase"]
[SourceDate "2002.11.07"]
[SourceVersion "1"]
[SourceVersionDate "2002.11.07"]
[SourceQuality "1"]

1. Nf3 Nf6 2. c4 g6 3. b3 Bg7 4. Bb2 0-0 5. g3 d6 6. d4 Nbd7 7. Bg2 c6 8. 0-0 Qc7 9. Nc3 e5 10. Rc1 exd4 1/2-1/2

[Event "Plunge op"]
[Site "Plateliai"]
[Date "2000.??.??"]
[Round "4"]
[White "Mozeris, Viktoras"]
[Black "Katishonok, Nikolaj"]
[Result "0-1"]
[WhiteElo "2041"]
[BlackElo "2290"]
[PlyCount "142"]
[EventDate "2000.07.??"]
[EventType "swiss"]
[EventRounds "9"]
[EventCountry "LTU"]
[SourceTitle "EXT 2005"]
[Source "ChessBase"]
[SourceDate "2004.11.15"]
[SourceVersion "1"]
[SourceVersionDate "2004.11.15"]
[SourceQuality "1"]

1. d4 e6 2. Nf3 f5 3. g3 b6 4. Bg2 Bb7 5. 0-0 Nf6 6. c4 Be7 7. Nc3 0-0 8. Qc2 Qe8 9. Nb5 Qc8 10. a3 Ne4 11. b3 Bf6 12. Bb2 d6 13. Rfd1 Nd7 14. e3 g5 15. Ne1 g4 16. Nc3 Nxc3 17. Bxc3 Bg7 18. e4 e5 19. d5 f4 20. Nd3 f3 21. Bf1 Qe8 22. Qb2 Rf6 23. Bd2 Qh5 24. b4 Ba6 25. Rac1 Bh6 26. Be3 Raf8 27. Rc2 Bg5 28. Qc1 Rg6 29. Nb2 Rf7 30. Re1 Rfg7 31. Nd1 Rh6 32. h4 gxh3 33. Bxg5 h2+ 34. Kh1 Rxg5 35. Ne3 Rf6 36. Qd1 Bc8 37. Nf5 Rf7 38. Re3 Nf6 39. Qxf3 Nxe4 40. Qxh5 Rxh5 41. g4 Bxf5 42. gxh5 Nf6 43. Rb2 Nxh5 44. Bh3 Kg7 45. Bxf5 Rxf5 46. Kxh2 Rf4 47. Rc2 Nf6 48. Rg3+ Kf7 49. Kg2 h5 50. Rf3 Rg4+ 51. Kh3 e4 52. Re3 Rf4 53. Kg2 Rg4+ 54. Rg3 Rf4 55. Re2 h4 56. Rh3 Rg4+ 57. Kf1 Rf4 58. Ke1 Kg6 59. f3 exf3 60. Rf2 Re4+ 61. Kf1 Rxc4 62. Rhxf3 Nxd5 63. Rg2+ Kh6 64. Rg8 a5 65. bxa5 bxa5 66. Rf7 h3 67. Rh8+ Kg6 68. Rff8 Nf4 69. Rhg8+ Kh5 70. Rf7 Kh4 71. Rh7+ Nh5 0-1

[Event "Plunge op"]
[Site "Plateliai"]
[Date "1999.??.??"]
[Round "3"]
[White "Katishonok, Nikolaj"]
[Black "Bandza, Algirdas S"]
[Result "1/2-1/2"]
[WhiteElo "2281"]
[BlackElo "2388"]
[PlyCount "20"]
[EventDate "1999.07.13"]
[EventType "swiss"]
[EventRounds "9"]
[EventCountry "LTU"]
[SourceTitle "EXT 2005"]
[Source "ChessBase"]
[SourceDate "2004.11.15"]
[SourceVersion "1"]
[SourceVersionDate "2004.11.15"]
[SourceQuality "1"]

1. Nf3 Nf6 2. c4 b6 3. g3 c5 4. Bg2 Bb7 5. 0-0 g6 6. b3 Bg7 7. Bb2 0-0 8. Nc3 d6 9. e3 e6 10. d4 Nbd7 1/2-1/2

[Event "LAT-ch"]
[Site "Riga"]
[Date "1993.??.??"]
[Round "?"]
[White "Krakops, Maris"]
[Black "Katishonok, Nikolaj"]
[Result "0-1"]
[WhiteElo "2295"]
[BlackElo "2265"]
[PlyCount "76"]
[EventDate "1993.??.??"]
[EventType "tourn"]
[EventRounds "13"]
[EventCountry "LAT"]
[EventCategory "4"]
[SourceTitle "CBM 035 Extra"]
[Source "ChessBase"]
[SourceDate "1993.09.01"]
[SourceVersion "1"]
[SourceVersionDate "1993.09.01"]
[SourceQuality "1"]

1. e4 e5 2. Nf3 Nf6 3. d4 Nxe4 4. Bd3 d5 5. Nxe5 Nd7 6. Qe2 Qe7 7. Bxe4 dxe4 8. Bf4 Nxe5 9. Bxe5 Bf5 10. Nc3 0-0-0 11. 0-0-0 Qe6 12. Qe3 Bb4 13. Kb1 f6 14. Bg3 Qc4 15. Nxe4 Rhe8 16. f3 Bg6 17. Qf4 Re7 18. a3 Bd6 19. Qe3 Bxg3 20. hxg3 Rde8 21. Qc3 Qd5 22. Nf2 Re2 23. Nd3 Rxg2 24. Nb4 Qd6 25. g4 a5 26. Nd3 Ree2 27. Qxa5 Kb8 28. Qc3 Rxc2 29. Qxc2 Rxc2 30. Kxc2 Qxd4 31. b3 Qf2+ 32. Kc3 Qxf3 33. Rhg1 Qe2 34. Rd2 Qe7 35. b4 Qe6 36. Rg3 Bf7 37. Rb2 Qa6 38. Kd2 Qxa3 0-1

[Event "Leningrad op"]
[Site "Leningrad"]
[Date "1990.??.??"]
[Round "?"]
[White "Gyozalyan, Tigran"]
[Black "Katishonok, Nikolaj"]
[Result "1/2-1/2"]
[WhiteElo "2360"]
[BlackElo "2225"]
[PlyCount "122"]
[EventDate "1990.??.??"]
[EventType "swiss"]
[EventRounds "11"]
[EventCountry "URS"]
[SourceTitle "CBM 018 Extra"]
[Source "ChessBase"]
[SourceDate "1990.11.01"]
[SourceVersion "1"]
[SourceVersionDate "1990.11.01"]
[SourceQuality "1"]

1. d4 Nf6 2. Nf3 g6 3. c4 c6 4. Nc3 d5 5. Qb3 Bg7 6. Bf4 0-0 7. e3 dxc4 8. Bxc4 b5 9. Be2 Be6 10. Qc2 Nd5 11. Be5 f6 12. Bxb8 Rxb8 13. 0-0 Qb6 14. Ne4 Bf5 15. Nh4 Bxe4 16. Qxe4 f5 17. Qc2 e5 18. dxe5 Bxe5 19. Nf3 Bg7 20. Rac1 Rbc8 21. Rfd1 Rfe8 22. Qb3 a6 23. Nd4 Kh8 24. Bf3 f4 25. Bxd5 cxd5 26. Rxc8 Rxc8 27. Qxd5 Rd8 28. Qe4 Qa5 29. Qxf4 Qxa2 30. Qc7 Qd5 31. Qb6 Rd6 32. Qb8+ Rd8 33. Qb6 Rd6 34. Qa7 h6 35. Rc1 Qg8 36. Qe7 Qd8 37. Qxd8+ Rxd8 38. Rc6 Bxd4 39. exd4 Rxd4 40. g3 a5 41. Rxg6 Kh7 42. Re6 a4 43. Re2 b4 44. Kg2 Kg6 45. Re6+ Kf5 46. Ra6 b3 47. Kf3 Rc4 48. Ra5+ Ke6 49. Ke3 Rc3+ 50. Kd4 Rc2 51. Rxa4 Rxb2 52. Ra6+ Kf5 53. Ke3 h5 54. Ra5+ Kg6 55. h4 Kh6 56. Ra6+ Kg7 57. Rb6 Kh7 58. Rb5 Kg6 59. Rb6+ Kg7 60. f3 Rb1 61. Kf4 b2 1/2-1/2